Responses for Show #3114 - Thursday, February 26, 1998

Chris Ward game 3.

Contestants

[<< previous game]

Tami Whitney, a college professor from Omaha, Nebraska

Dave Stone, a researcher from New Haven, Connecticut

Chris Ward, a foreign service officer from Lima, Peru (whose 2-day cash winnings total $29,301)

[next game >>]

Jeopardy! Round responses

THE U.S. CONSTITUTION
FESTIVE FOOD
LET'S GET MARRIED!
I WANT A DIVORCE
GOT YOUR GOAT
"WELL", WELL, WELL
    $100 6
servitude

Dave
    $100 8
pumpkin seeds

Chris
    $100 1
the threshold

Tami
    $100 16
Ivana Trump

Chris
    $100 21
a nanny

Tami
    $100 23
well done

Tami
    $200 7
the states

Tami
    $200 9
Judaism

Tami
    $200 2
Juliet

Tami
    $200 17
Marla Maples

Tami
    $200 22
Niagara Falls

Dave
    $200 24
well-wishers

Chris
    $300 12
(Tami: What is Congress?)
(Alex: Be more specific.)
(Tami: What is the House of Representatives?)
...
(Alex: Yes, they wanted to alternate them, so that they wouldn't all be re-elected at the same time.)

the Senate

DaveTami
    $300 10
Easter

Tami
    $300 3
Victoria

Chris
    $300 18
Debra Winger

Tami
    $300 28
Capricorn

Tami
    $300 25
well-bred

Tami
    $400 13
titles of nobility

Dave
    $400 11
New Year's Day

Dave
    $300 4
(Chris: Who are The Captain & Tennille?--I have no idea!)

the groom and his mom

Chris
    $400 19
Suzanne Pleshette

Dave
    $400 29
parchment

Tami
    $400 26
let well enough alone

Chris
    $500 14
extradition

Chris
    $500 15
stollen

Chris
    $500 5
butterflies

Dave
    $500 20
Anthony Newley

Chris
    $500 30
the Chimera

Chris
    $500 27
(Tami: What is a well of knowledge?)

a wellspring

Tami
Triple Stumper

Scores at the first commercial break (after clue 12):

Chris Dave Tami
$100 $1,300 $700

Scores at the end of the Jeopardy! Round:

Chris Dave Tami
$2,800 $2,300 $1,900

Double Jeopardy! Round responses

THE U.S.S. CONSTITUTION
WORLD POTPOURRI
THE HIGHLAND GAMES
(Alex: ...lad.)
ALEXANDRE DUMAS
MOVIE GEOGRAPHY
BEARING WORDS
    $200 10
Paul Revere

Chris
    $200 12
Berlin

Dave
    $200 21
the bagpipes

Tami
    $200 30
Napoleon

Dave
    $200 1
San Antonio

Dave
    $200 6
berries

Chris
    $400 13
sails

Dave
    $400 17
Fez

Dave
    $400 22
(Tami: What is the jig?)

the (Highland) fling

ChrisTami
    $400 29
père

Chris
    $400 2
Monte Carlo

Dave
    $400 7
eggs

Tami
    $600 14
Charlestown

Triple Stumper
    $600 18
Nepal

Tami
    $600 23
the shotput

Dave
    $600 26
The Corsican Brothers

Dave
    $600 3
the Santa Fe Trail

Chris
    $600 8
milk

Chris
    $800 15
none

Dave
    $800 19
Khartoum

Tami
    $800 24
Nova Scotia

Tami
    $800 27
acting

Chris
    $800 4
(Alex: "Get out of Dodge!")

Dodge City

Triple Stumper
    $800 9
wool

Dave
    $1,000 16
(Dave: Who is Emerson?)

Oliver Wendell Holmes (Sr.)

Dave
    $1000 20
Anguilla

Triple Stumper
    $1000 25
(Alex: Yes, that big pole.)

the caber

Chris
    $600 28
(Chris: Sorry, I don't know.)

(Giuseppe) Garibaldi

Chris
    $1000 5
Miami

Chris
    $1000 11
silver

Tami

Scores at the end of the Double Jeopardy! Round:

Chris Dave Tami
$7,400 $5,900 $5,300

[wagering suggestions for these scores]

Final Jeopardy! Round responses

AMERICAN AUTHORS
(Alex: This American author had some marvelous stories to tell about his adventures in the Hawaiian Islands.)
TamiWho was Melville?
$5,300
DaveWho is Mark Twain?
$5,000
ChrisWho is Twain?
$4,401
Mark Twain

Final scores:

Chris Dave Tami
$11,801 $10,900 $0
3-day champion: $41,102 2nd place: Sears Gift Certificates 3rd place: Sears Gift Certificates

Game dynamics:

Coryat scores:

Chris Dave Tami
$8,300 $6,900 $5,300
18 R,
2 W
(including 2 DDs)
17 R,
1 W
(including 1 DD)
18 R,
3 W

Combined Coryat: $20,500

[game clues] [game scores] [suggest correction]

Game tape date: Unknown
The J! Archive is created by fans, for fans. Scraping, republication, monetization, and malicious use prohibited; this site may use cookies and collect identifying information. See terms. The Jeopardy! game show and all elements thereof, including but not limited to copyright and trademark thereto, are the property of Jeopardy Productions, Inc. and are protected under law. This website is not affiliated with, sponsored by, or operated by Jeopardy Productions, Inc. Join the discussion at JBoard.tv.